Angličtina pro samouky

Bibliographic Details
Main Author: Kollmannová, Ludmila, narodená 1921 (Author)
Format: Book
Language:Undetermined
PhysicalDescription:483 s.
Published: Praha Státní pedagogické nakladatelství 1962

MARC

LEADER 00000nam a2200000 a 4500
001 vtls001358905
003 SK-MaSNL
005 20260416164825.0
008 240314s1962 xx 0 und
035 |a SNK000312435 
040 |a SNK  |b slo  |c SNK  |e AACR2 
100 1 |a Kollmannová, Ludmila,  |d narodená 1921  |4 aut  |9 258253 
245 1 0 |a Angličtina pro samouky 
260 |a Praha  |b Státní pedagogické nakladatelství  |c 1962 
300 |a 483 s. 
999 |c 548604  |d 550534 
952 |t P60, <92>, [BOOK], {604}  |a SNK  |b SNK  |y NEVYP  |7 0  |o snkID 33212 D1  |0 0  |1 0  |4 0  |d 1999-03-29  |l 0  |r 2005-01-02 00:00:00  |w 2026-02-23